|
|
|
|
| LEADER |
00000cam a2200000 7i4500 |
| 001 |
0000052154 |
| 005 |
20180530093000.0 |
| 008 |
070729s2008 nju eng |
| 020 |
|
|
|a 013242973X (alk. paper)
|
| 020 |
|
|
|a 9780132429733 (alk. paper)
|
| 090 |
0 |
0 |
|a TK7870
|b .F52 2008
|
| 100 |
1 |
|
|a Floyd, Thomas L. ,
|e author
|
| 245 |
1 |
0 |
|a Electronic devices :
|b conventional current version
|c Thomas L. Floyd
|
| 250 |
|
|
|a 8th ed
|
| 260 |
|
|
|a Upper Saddle River, NJ :
|b Pearson/Prentice Hall ,
|c c2008
|
| 300 |
|
|
|a xix, 982 p. :
|b col. ill. ;
|c 29 cm.
|e 1 CD-ROM (4 3/4 in.)
|
| 504 |
|
|
|a Includes index
|
| 650 |
|
0 |
|a Electronic apparatus and appliances
|
| 650 |
|
0 |
|a Solid state electronics
|
| 999 |
|
|
|a 1000113360
|b Book
|c OPEN SHELF (30 DAYS)
|e Gong Badak Campus
|
| 999 |
|
|
|a 1000114568
|b CD-ROM
|c OPEN SHELF (30 DAYS)
|e Gong Badak Campus
|